| Record ID | ia:imaginaryportrai00pateuoft |
| Source | Internet Archive |
| Download MARC XML | https://archive.org/download/imaginaryportrai00pateuoft/imaginaryportrai00pateuoft_marc.xml |
| Download MARC binary | https://www.archive.org/download/imaginaryportrai00pateuoft/imaginaryportrai00pateuoft_meta.mrc |
LEADER: 00633cam 2200193gu 4500
008 880821s1919 enk f eng x
011 $a12037443
035 $a(Sirsi) AKA-4048
040 $aOTSM$beng
050 0 $aPR5134$b.I5
090 8 $aPR 5134 .I5$bSMC
100 10 $aPater, Walter,$d1839-1894.
245 10 $aImaginary portraits /$cby Walter Pater.
260 00 $aLondon :$bMacmillan,$c1919.
300 $a153 p.
505 0 $aA prince of court painters -- Denys l'Auxerrois -- Sebastian van Storck -- Duke Carl of Rosenmold.
948 $a07/15/1992$b05/14/1999
596 $a31
926 $aSTMICHAELS$bCHECKEDOUT$cPR5134 .I5$dBOOK$e1/3/2007$f1